1052 1755 1451 1600 1325 1472 1431 1987 1887 1922 1473 1453 1193 1417 1057 1725 1959 1973 1168 1527 1477 1862 1453 1717 1603 1727 1308 1625 1331 1935 1955 1500 1138 1323 1044 1800 1849 1429 1511 1641 1785 1188 1548 1596 1855 1268 1189 1723 1240 1635 1896 1807 1096 1046 1382 1720 1055 1260 1721 1482 1386 1384 1518 1905 1152 1043 1974 1793 1085 1676 1527 1635 1303 1185 1751 1598 1417 1713 1088 1694 1156 1288 1586 1198 1921 1138 1270 1030 1668 1597 1884 1555 1177 1236 1886 1506 1667 1170 1876 BCNSPRNW ULIB Ver.6.0+V

เปลี่ยนเป็นภาษาไทย

Change to English
 แสดงรายละเอียดบรรณานุกรม
  กลับหน้าหลัก

Brief Record : Get Marc (ISO 2709) : E-mail record : QR code < ปิดหน้าต่าง
LEADER : 00000nam 2200000uu 4500
001    13399124423
003     ULIB
008    020711s2550 th a 000 0 tha d
020    9789749899281
090    นว.^bย111ค
100    โยโคมิโซะ เซซิ ;^eเขียน
245    คินดะอิจิยอดนักสืบ ตอนที่4 : ร่างทรงมรณะ/^cโยโคมิโซะ เซซิ ; เขียน , เสาวณีย์ นวรัตน์จำรูญ ; แปล
250    พิมพ์ครั้งที่ 6
260    กรุงเทพฯ :^bjbook,^c2550
300    296 หน้า;^b21 ซม.
650    นิยายแปล
700    เสาวณีย์ นวรัตน์จำรูญ ;^eแปล
710    jbook
945    ^p220^l0^i22984
999    ^aทศพร เกษรทอง
รายการนี้ยังไม่มีแท็ก
คุณยังไม่ได้ล็อกอิน คุณสามารถมีกิจกรรมร่วมกับเว็บไซต์ได้ แต่ต้องล็อกอินก่อน ::
  ล็อกอิน

รายการสื่อสารสนเทศ

ลำดับที่ ประเภท เลขเรียก/บาร์โค้ด สถานที่ สถานะ
1. นวนิยาย
นวนิยาย
นว. ย111ค ฉ.1 
  Barcode: 22984
ห้องสมุดวิทยาเขตนครสวรรค์
►นวนิยาย:l:Fiction
บนชั้น

รายการใกล้เคียง
    หัวเรื่อง [นิยายแปล]

BibComment


ยังไม่เคยถูกคอมเมนท์

คอมเมนท์ทรัพยากรรายการนี้
  คอมเมนท์: คินดะอิจิยอดนักสื..


 Copyright 2026. Bcnsprnw @Library